000 00662nam a2200241Ia 4500
003 OSt
005 20220926014821.0
006 a|||||r|||| 00| 0
007 ta
008 220923b |||||||| |||| 00| 0 eng d
037 _cGeneral Book
040 _aRTL
_cRTL
_beng
041 _2eng
_aeng
082 _aW.73.N6, K3
100 _aCoyle David Cushman
_9321140
245 0 _aUnited States political system and how it works
250 _a2
260 _aNew York
_bMentor Book
_c1963
300 _a160p
_ccm.
650 _aIndia Political System
942 _hW.73.N6, K3
_cGB
_2CC
999 _c629891
_d629891